Operational mathematics

Uloženo v:
Podrobná bibliografie
Hlavní autor: Churchill, Ruel Vance (Autor)
Médium: Kniha
Jazyk:angličtina
Vydáno: Nueva York McGraw-Hill 1958
Vydání:2a. ed
Témata:
Tagy: Přidat tag
Žádné tagy, Buďte první, kdo vytvoří štítek k tomuto záznamu!

MARC

LEADER 00000nam a2200000 a 4500
001 UCL2568
003 CL-VaPUC
008 031024e19580000US |||||||||||||||||eng|d
082 0 4 |a 515.7  |b CHU  |2 21 
100 0 |a Churchill, Ruel Vance  |e author  |9 479685 
245 1 0 |a Operational mathematics 
250 |a 2a. ed 
300 |a 337 p 
942 |c BK 
945 |d 20031024 00:00:00  |a cmena 
260 |a Nueva York  |b McGraw-Hill  |c 1958 
650 0 |a Análisis funcional   |9 269993 
650 0 |a Transformada de Laplace  |9 422308 
650 0 |a Ecuaciones diferenciales  |9 260083 
650 0 |a Funciones de variables complejas  |9 260212 
650 0 |a Series de Fourier  |9 260465 
650 0 |a Análisis complejo   |9 260214 
583 |a last modification  |c 20111011 03:33:36  |k Rodrigo Vera 
999 |c 305851  |d 305849 
952 |0 0  |1 0  |4 0  |6 515_700000000000000_CHU_1958  |7 0  |8 A  |9 370328  |a BIBCUR  |b BIBCUR  |d 2019-11-21  |i 2083728  |o 515.7 CHU 1958  |p 2083728  |r 2025-04-22  |w 2019-11-21  |y BK  |k FIS 
952 |0 0  |1 0  |4 0  |6 515_700000000000000_CHU_1958  |7 0  |8 A  |9 370329  |a BIBMAT  |b BIBMAT  |d 2019-11-21  |i 4489667  |o 515.7 CHU 1958  |p 4489667  |r 2025-01-07  |w 2019-11-21  |y BK  |k MAT